| 000 | 00657cam a22002293a 4500 | ||
|---|---|---|---|
| 001 | 44901 | ||
| 003 | PGUSA | ||
| 005 | 20140828084026.0 | ||
| 008 | 140214s2014||||xxu|||||s|||||000 | eng d | ||
| 040 |
_aPGUSA _beng |
||
| 042 | _adc | ||
| 100 | 1 | _aHooton, Charles | |
| 245 | 1 | 0 |
_aColin Clink, Volume I (of III) _h[electronic resource] / _cCharles Hooton |
| 260 |
_bProject Gutenberg, _c2014 |
||
| 506 | _aPublic domain in the USA. | ||
| 516 | _aElectronic text | ||
| 700 | 1 |
_aLeech, John, _d1817-1864 |
|
| 700 | 1 |
_aCruikshank, George, _d1792-1878 |
|
| 830 | 0 |
_aProject Gutenberg _v44901 |
|
| 856 | 4 | 0 | _uhttp://www.gutenberg.org/ebooks/44901 |
| 942 | _cEB | ||
| 999 |
_c274152 _d274152 |
||